Datum a čas kvízu
24.5
Celkem bodů
Celkový počet nahraných bodů na tomto kvízu bez doplňovacích otázek.
8.
Pořadí na kvízu
Konečné umístění týmu na tomto kvízu.
Zaznamenané odpovědi
| # | Otázka | Odpověď | Body | Výsledky |
|---|---|---|---|---|
| 1. | Vláda ve středu večer slavnost... | začátek II. světové války – 1938 místo 1939 | 0 | |
| 2. | Federální soud USA propustil n... | Ronalda Reagana | 0 | |
| 3. | Andrej Babiš navštívil festiva... | Mirai | 1 | |
| 4. | Společnost Apple následovala m... | Ulož.to | 0 | |
| 5. | 0:4 – to je nejhorší domácí po... | Maďarsko | 0 | |
| 6. | V následujících pěti otázkách... | Uprchlík; Harrison Ford, Tommy Lee Jones | 0 | |
| 7. | Pokračujeme snímkem Pulp Ficti... | 1D 2B 3C 4A | 0 | |
| 8. | V roce 2013 byl natočen životo... | James Hunt, Niki Lauda | 0.5 | |
| 9. | Jak zní příjmení manželského p... | Márovi | 0 | |
| 10. | Jak se jmenují dva herečtí pře... | Jiří Macháček, Marek Taclík | 0 |